Suburban sprawl : private decisions and public policy /

Bibliographic Details
Other Authors: Wiewel, Wim, Persky, Joseph
Format: Book
Language:English
Published: Armonk, N.Y. : M.E. Sharpe, [2002]
Series:Cities and contemporary society.
Subjects:

MARC

Tag First Indicator Second Indicator Subfields
LEADER 00000cam a22000004a 4500
001 in00001708521
005 20151024153544.0
008 020417s2002 nyub b 001 0 eng
010 |a  2002066975 
020 |a 0765609673 (alk. paper) 
035 |a (OCoLC)ocm49664477 
040 |a DLC  |c DLC  |d C#P  |d UtOrBLW 
042 |a pcc 
043 |a n-us-il 
049 |a TXAM 
050 0 0 |a HT352.U62  |b C47 2002 
082 0 0 |a 307.74/09773/11  |2 21 
245 0 0 |a Suburban sprawl :  |b private decisions and public policy /  |c Wim Wiewel and Joseph J. Persky, editors. 
264 1 |a Armonk, N.Y. :  |b M.E. Sharpe,  |c [2002] 
264 4 |c ©2002 
300 |a xviii, 322 pages :  |b maps (some color) ;  |c 24 cm. 
336 |a text  |b txt  |2 rdacontent 
337 |a unmediated  |b n  |2 rdamedia 
338 |a volume  |b nc  |2 rdacarrier 
490 1 |a Cities and contemporary society 
504 |a Includes bibliographical references and index. 
650 0 |a Suburbs  |z Illinois  |z Chicago Metropolitan Area. 
650 0 |a Population density  |z Illinois  |z Chicago Metropolitan Area. 
700 1 |a Wiewel, Wim. 
700 1 |a Persky, Joseph. 
830 0 |a Cities and contemporary society. 
945 |i PromptCat 
948 |a cataloged  |b h  |c 2002/9/27  |d c  |e cmulkey  |f 9:05:57 am 
994 |a 92  |b TXA 
999 |a MARS 
999 f f |s d222c36b-8b31-34c6-af93-67e5def7e02c  |i 862c2db1-fd1a-319b-860a-3fccdff59c26  |t 0 
952 f f |p ric  |a Texas A&M University  |b Rellis Campus  |c Joint Library Facility  |d Remote Storage  |t 0  |e HT352.U62 C47 2002  |h Library of Congress classification  |i unmediated -- volume  |m A14829154776 
998 f f |a HT352.U62 C47 2002  |t 0  |l Remote Storage